000 00596nam a2200193Ia 4500
003 GCL
008 140319s9999 xx 000 0 ara d
040 _aGCL /
_cGCL
082 0 4 _a227
_bم ك
100 1 _aمشهور حسن سليمان
245 1 0 _aكشاف تحليلى للمسائل الفقهيه فى تفسير القرطبى /
_cمشهور حسن سليمان
700 1 _aجمال عبداللطيف الدسوقى
300 _a286 ص
490 _aكتاب
_v0
650 0 4 _aالقران - تفسير
650 0 4 _aالقرطبى
650 0 4 _aكشافات
942 _2ddc
_cBK
999 _c41587
_d41587